000 00457nam a2200193Ia 4500
005 20250425162611.0
008 250425s9999 xx 000 0 und d
041 _aeng
082 _a332
100 _aGRANT, EUGENE L
245 0 _aPRINCIPLES OF ENGINEERING ECONOMY
250 _a4TH ED.
260 _aEstados Unidos
_bJOHN WILEY
_c1964
260 _aNEW YORK
300 _a574
650 _aINGENIERIA ECONOMICA
942 _c01
010 _a88919
999 _c232562
_d232562